[Event "Rapport-Laznicka m 2014"]
[Site "Novy Bor CZE"]
[Date "2014.09.30"]
[Round "1"]
[White "Laznicka, Viktor"]
[Black "Rapport, Richard"]
[Result "0-1"]
[WhiteTitle "GM"]
[BlackTitle "GM"]
[WhiteElo "2675"]
[BlackElo "2713"]
[WhiteFideId "316385"]
[BlackFideId "738590"]
[EventDate "2014.09.30"]

1. d4 d6 2. c4 e5 3. Nf3 e4 4. Nfd2 f5 5. Nc3 c6 6. e3 Nf6 7. Be2 Na6 8. Qa4 Nc7
9. b4 a6 10. Qb3 d5 11. a4 Be6 12. Bb2 Be7 13. O-O O-O 14. b5 Kh8 15. Rfb1 dxc4
16. Bxc4 Ncd5 17. bxc6 bxc6 18. Ba3 Bxa3 19. Qxa3 Ng4 20. h3 Nxf2 21. Kxf2 Nxe3
22. Qc5 Qg5 23. Bf1 Nd5 24. Ke1 Qg3+ 0-1

[Event "Rapport-Laznicka m 2014"]
[Site "Novy Bor CZE"]
[Date "2014.10.01"]
[Round "2"]
[White "Rapport, Richard"]
[Black "Laznicka, Viktor"]
[Result "1/2-1/2"]
[WhiteTitle "GM"]
[BlackTitle "GM"]
[WhiteElo "2713"]
[BlackElo "2675"]
[WhiteFideId "738590"]
[BlackFideId "316385"]
[EventDate "2014.09.30"]

1. e4 c6 2. d4 d5 3. Nd2 dxe4 4. Nxe4 Bf5 5. Nc5 b6 6. Nb3 e6 7. Nf3 Nd7 8. Bf4
Ngf6 9. c3 a5 10. a4 Be7 11. Bc4 O-O 12. O-O Qc8 13. Re1 h6 14. h3 Qb7 15. Nbd2
Nd5 16. Bg3 Rfd8 17. Qb3 Bf8 18. Ne4 N7f6 19. Nxf6+ Nxf6 20. Bh4 Rdb8 21. Bxf6
gxf6 22. Nh4 Bh7 23. Be2 Qc7 24. Qc4 b5 25. axb5 Rxb5 26. b4 Rd8 27. bxa5 Rxa5
28. Rxa5 Qxa5 29. Bf3 Qg5 30. g3 c5 31. Rd1 Bc2 32. Ra1 Bh7 33. Ra7 Qc1+ 34. Kg2
Rb8 35. Rb7 Rxb7 36. Bxb7 Qb1 37. Ba6 Be4+ 38. Nf3 Bd5 39. Qe2 cxd4 40. cxd4 Qc1
41. Qe3 Qa1 42. Be2 f5 43. g4 fxg4 44. hxg4 Bg7 45. Kh2 Bxf3 1/2-1/2

[Event "Rapport-Laznicka m 2014"]
[Site "Novy Bor CZE"]
[Date "2014.10.02"]
[Round "3"]
[White "Laznicka, Viktor"]
[Black "Rapport, Richard"]
[Result "0-1"]
[WhiteTitle "GM"]
[BlackTitle "GM"]
[WhiteElo "2675"]
[BlackElo "2713"]
[WhiteFideId "316385"]
[BlackFideId "738590"]
[EventDate "2014.09.30"]

1. d4 d6 2. Nf3 Nf6 3. c4 g6 4. g3 Bg7 5. Bg2 O-O 6. O-O Nbd7 7. Nc3 e5 8. h3 c6
9. e4 Qb6 10. Re1 exd4 11. Nxd4 Re8 12. Nc2 Nc5 13. b4 Ncd7 14. Qxd6 Ne5 15. c5
Qa6 16. Bf4 Nh5 17. Bf1 Nc4 18. Qd3 Bxh3 19. Bxh3 Rad8 20. Nd5 Nxf4 21. gxf4
Bxa1 22. Rxa1 cxd5 23. exd5 b5 24. Qd4 Re2 25. Ne3 Nxe3 26. fxe3 Qa3 27. Bg2 Re8
28. d6 R8xe3 29. d7 Rxg2+ 30. Kxg2 Re2+ 31. Qf2 Rxf2+ 32. Kxf2 Qb2+ 33. Kg3 Qc3+
34. Kh4 g5+ 35. Kg4 h5+ 36. Kxg5 Qd3 0-1

[Event "Rapport-Laznicka m 2014"]
[Site "Novy Bor CZE"]
[Date "2014.10.03"]
[Round "4"]
[White "Rapport, Richard"]
[Black "Laznicka, Viktor"]
[Result "1/2-1/2"]
[WhiteTitle "GM"]
[BlackTitle "GM"]
[WhiteElo "2713"]
[BlackElo "2675"]
[WhiteFideId "738590"]
[BlackFideId "316385"]
[EventDate "2014.09.30"]

1. e4 c6 2. c4 d5 3. cxd5 cxd5 4. exd5 Nf6 5. Nc3 Nxd5 6. Nf3 Nc6 7. Bb5 e6 8.
O-O Be7 9. Re1 O-O 10. d4 Bd7 11. Bc4 Bf6 12. Nxd5 exd5 13. Bxd5 Bg4 14. Bxc6
bxc6 15. Be3 Rb8 16. b3 c5 17. Bf4 Rb4 18. Be5 cxd4 19. Qd2 a5 20. Bxf6 Qxf6 21.
Ne5 Bf5 22. Nc4 d3 23. Nxa5 Rg4 24. f3 Rg6 25. Nc4 Bh3 26. g3 Qxf3 27. Re3 Qb7
28. Rae1 h5 29. Rxd3 Rf6 30. a3 Qa7+ 31. Rde3 Re8 32. Qe2 Ree6 33. a4 Rf5 34.
Qd3 Ref6 35. Nd2 g6 36. Kh1 Rf2 37. Kg1 Rg2+ 38. Kh1 Rff2 39. Nf3 Bg4 40. Qc3
Be6 41. Rxe6 fxe6 42. Rxe6 Qf7 43. Rd6 Qe8 44. Qc4+ Kh7 45. Qc7+ Kh6 46. Qc1+
Kg7 47. Qc3+ Kg8 48. Qc4+ Kh7 49. Qc7+ Kh6 50. Qc1+ Kg7 51. Qc7+ 1/2-1/2

[Event "Rapport-Laznicka m 2014"]
[Site "Novy Bor CZE"]
[Date "2014.10.04"]
[Round "5"]
[White "Laznicka, Viktor"]
[Black "Rapport, Richard"]
[Result "1-0"]
[WhiteTitle "GM"]
[BlackTitle "GM"]
[WhiteElo "2675"]
[BlackElo "2713"]
[WhiteFideId "316385"]
[BlackFideId "738590"]
[EventDate "2014.09.30"]

1. d4 d6 2. c4 e5 3. e3 Be7 4. Nc3 f5 5. Bd3 Nf6 6. Nge2 c6 7. f3 Na6 8. a3 Nc7
9. Qc2 g6 10. Bd2 O-O 11. O-O-O Ne6 12. h3 exd4 13. exd4 Nh5 14. g4 Nhg7 15. Be3
fxg4 16. fxg4 Ng5 17. Nf4 N5e6 18. Nxe6 Bxe6 19. d5 cxd5 20. cxd5 Bd7 21. Kb1
Bf6 22. Ne4 Be5 23. Qd2 Qe8 24. Rhf1 Rxf1 25. Rxf1 Bb5 26. Bg5 Qd7 27. Bf6 Bxd3+
28. Qxd3 Ne8 29. Bxe5 dxe5 30. d6 Kh8 31. Qd5 Ng7 32. Rf7 1-0

[Event "Rapport-Laznicka m TB 2014"]
[Site "Novy Bor CZE"]
[Date "2014.10.05"]
[Round "1"]
[White "Laznicka, Viktor"]
[Black "Rapport, Richard"]
[Result "0-1"]
[WhiteTitle "GM"]
[BlackTitle "GM"]
[WhiteElo "2675"]
[BlackElo "2713"]
[WhiteFideId "316385"]
[BlackFideId "738590"]
[EventDate "2014.10.05"]

1. d4 g6 2. c4 Bg7 3. e4 d6 4. f3 Nd7 5. Be3 c5 6. Ne2 b6 7. Qd2 cxd4 8. Nxd4
Bb7 9. Nc3 Ngf6 10. Be2 a6 11. O-O O-O 12. Rac1 e6 13. Rfd1 Qc7 14. b4 Rfc8 15.
Bf1 Qd8 16. Na4 Rab8 17. Nb3 Bf8 18. Qf2 b5 19. cxb5 Rxc1 20. Rxc1 axb5 21. Bxb5
Bxe4 22. Bxd7 Qxd7 23. Nb6 Qd8 24. a4 Ba8 25. b5 Nd5 26. Nxd5 Bxd5 27. Nd4 Qa5
28. Qc2 Ra8 29. Nc6 Bxc6 30. bxc6 d5 31. c7 Rc8 32. Qc6 Ba3 33. Bb6 Qa6 34. Rb1
Qd3 35. Rf1 Qa6 36. a5 Bb2 37. Qd7 Be5 38. Rd1 Bxc7 0-1

[Event "Rapport-Laznicka m TB 2014"]
[Site "Novy Bor CZE"]
[Date "2014.10.05"]
[Round "2"]
[White "Rapport, Richard"]
[Black "Laznicka, Viktor"]
[Result "1-0"]
[WhiteTitle "GM"]
[BlackTitle "GM"]
[WhiteElo "2713"]
[BlackElo "2675"]
[WhiteFideId "738590"]
[BlackFideId "316385"]
[EventDate "2014.10.05"]

1. e4 c5 2. Qh5 e6 3. Nf3 Nc6 4. Bb5 Nf6 5. Qh4 Qc7 6. O-O Be7 7. Bxc6 Qxc6 8.
e5 Nd5 9. Qg3 g6 10. d3 h6 11. Nbd2 b6 12. a3 Bb7 13. c4 Nc7 14. Ne4 O-O-O 15.
b4 a6 16. bxc5 bxc5 17. Nd6+ 1-0